01310cpcaa2200289 a 4500001001300000003000400013005001700017007001500034008004100049010001700090040002400107072001200131110003000143245009900173300001500272300001900287300002200306506002200328520018800350545013900538546003600677555012800713600003400841856006000875856006800935999001701003mm2009085489DLC20260227111731.0cr |||||||||||090831|||||||||||| eng  amm2009085489 aDLCcDLCedacsdDLC 7aW2lcmd2 aLincoln Group of Chicago.00aLincoln Group of Chicago collection relating to Abraham Lincoln,f1903-1952g(bulk 1935-1939). a75fitems. a2fcontainers. a0.6flinear feet.0 aOpen to research.8 aChiefly speeches and writings by and for members of the Lincoln Group of Chicago. Also includes correspondence and other material pertaining to the acquisition of a Lincoln portrait.1 aSociety composed of authors, collectors, and students of Abraham Lincoln. Organized in 1930 to encourage research on Abraham Lincoln. aCollection material in English.8 aFinding aid available in the Library of Congress Manuscript Reading Room and atuhttp://hdl.loc.gov/loc.mss/eadmss.ms01012210aLincoln, Abraham,d1809-1865.4 3Finding aiduhttp://hdl.loc.gov/loc.mss/eadmss.ms0101224 3Finding aid (PDF)uhttp://hdl.loc.gov/loc.mss/eadmss.ms010122.3 c44807d44807